| 000 | 00488nam a22001817a 4500 | ||
|---|---|---|---|
| 003 | DO-SdBNP | ||
| 005 | 20210906095455.0 | ||
| 008 | 210906b2018 ||||| |||| 00| 0 spa d | ||
| 040 |
_aDO-SdBNP _bspa _cBNPHU |
||
| 082 |
_axxx _bA347e |
||
| 100 | _4Alcántara, Aníbal | ||
| 245 | 1 | 0 |
_aEnglish for me 1 / _cAníbal Alcántara |
| 260 |
_aSanto Domingo : _bCentenario, _c2018 |
||
| 300 |
_a96 p. : _bil. ; _c28 cm |
||
| 590 | _aInventariado, 2021 / DG | ||
| 910 | _aD/G | ||
| 942 |
_2ddc _cLBS1 |
||
| 999 |
_c50415 _d50415 |
||